Dixit.
Uloženo v:
| Hlavní autor: | |
|---|---|
| Další autoři: | |
| Médium: | Souprava Kapitola |
| Jazyk: | angličtina |
| Vydáno: |
Poitiers, Francia:
Libellud,
2021.
|
| Témata: | |
| Tagy: |
Přidat tag
Žádné tagy, Buďte první, kdo vytvoří štítek k tomuto záznamu!
|
MARC
| LEADER | 00000apa a2200000 4500 | ||
|---|---|---|---|
| 003 | CL-VaPUC | ||
| 005 | 20231124111441.0 | ||
| 008 | 220117b2021 ||||| |||| 00| 0 eng d | ||
| 999 | |c 439105 |d 439103 | ||
| 040 | |c Pontificia Universidad Católica de Valparaíso | ||
| 082 | 7 | |a 794 ROU 2021 |2 22 | |
| 100 | 1 | |a Roubira, Jean-Louis |e autor |9 865854 | |
| 245 | |a Dixit. | ||
| 260 | |a Poitiers, Francia: |b Libellud, |c 2021. | ||
| 300 | |a 1 juego; |b Reglamento, 1 tablero de puntuación, 84 cartas, 8 diales de votación, 8 conejos de madera. | ||
| 500 | |a c.1 Donación Decanato Facultad de Ciencias. Memo Cur 05/10/2022. c.2 Donacion Decanato Facultad de Ciencias. Memo Cur 21/11-2023 | ||
| 583 | |k Catalogador Asistente |c 20220117 | ||
| 650 | 0 | |a Juegos de mesa |9 395886 | |
| 650 | 0 | |a Juegos de destreza |9 865855 | |
| 700 | |a Cardouat Pieró, Marie |e ilustraciones |9 865856 | ||
| 942 | |2 ddc |c BK | ||
| 952 | |0 0 |1 0 |2 ddc |4 0 |6 794_000000000000000_ROU_2021 |7 0 |8 JM |9 587113 |a BIBCUR |b BIBCUR |c GEN |d 2022-10-06 |e Donación |i 5655043 |l 97 |m 2 |o 794 ROU 2021 |p 5655043 |r 2025-04-22 |s 2025-04-09 |t 1 |w 2022-10-06 |y REC_LUD |k CAC | ||
| 952 | |0 0 |1 0 |2 ddc |4 0 |6 794_000000000000000_ROU_2021 |7 0 |8 JM |9 592646 |a BIBAGR |b BIBAGR |c GEN |d 2023-11-24 |e Donación |i 5659635 |l 14 |o 794 ROU 2021 |p 5659635 |q 2025-04-28 |r 2025-04-21 |s 2025-04-21 |t 2 |w 2022-10-06 |y REC_LUD |k AGR | ||